LIBRARY & INFORMATION CENTRE, KCAET, TAVANUR

ONLINE PUBLIC ACCESS CATALOGUE (OPAC)

Duches of Malfi / (Record no. 11452)

MARC details
000 -LEADER
fixed length control field 00320cam a2200133ua 4500
041 ## - LANGUAGE CODE
Language code of text/sound track or separate title eng
082 ## - DEWEY DECIMAL CLASSIFICATION NUMBER
Classification number 822
Item number WEB/DU
100 ## - MAIN ENTRY--AUTHOR NAME
Personal name Webster, John.
245 ## - TITLE STATEMENT
Title Duches of Malfi /
260 ## - PUBLICATION, DISTRIBUTION, ETC. (IMPRINT)
Place of publication London :
Name of publisher Chatto& Windus ,
Year of publication 1958.
300 ## - PHYSICAL DESCRIPTION
Number of Pages 223 ; .

No items available.

free website counter